Almanach kiến thức văn hóa :

Quyển Almanach giới thiệu lịch Mậu dần 1998, trình bày những dữ liệu lịch sử, những mẫu chuyện nói về hổ. Những vấn đề về hổ trong cuộc sống. Ở phần 5 của sách trình bày các thắng cảnh, các di tích lịch sử Việt Nam....

全面介绍

Đã lưu trong:
书目详细资料
主要作者: Trần, Mạnh Thường
格式: 图书
语言:Undetermined
出版: Hà Nội Văn hóa Thông tin 1997
主题:
标签: 添加标签
没有标签, 成为第一个标记此记录!
Thư viện lưu trữ: Trung tâm Học liệu Trường Đại học Cần Thơ
LEADER 00944nam a2200205Ia 4500
001 CTU_22000
008 210402s9999 xx 000 0 und d
020 |c 45000 
082 |a 030 
082 |b Th561/1997 
100 |a Trần, Mạnh Thường 
245 0 |a Almanach kiến thức văn hóa : 
245 0 |c Trần Mạnh Thường, Vũ Ngọc Khánh 
260 |a Hà Nội 
260 |b Văn hóa Thông tin 
260 |c 1997 
520 |a Quyển Almanach giới thiệu lịch Mậu dần 1998, trình bày những dữ liệu lịch sử, những mẫu chuyện nói về hổ. Những vấn đề về hổ trong cuộc sống. Ở phần 5 của sách trình bày các thắng cảnh, các di tích lịch sử Việt Nam. 
650 |a Almanacs, vietnamese 
904 |i Năm, H. Mai 
980 |a Trung tâm Học liệu Trường Đại học Cần Thơ